000 00726nam a2200289Ia 4500
005 20260324150057.0
008 008 260324s9999 xx 000 0 eng d
020 _a9781315797670
037 _aEBOOK
040 _aCRL
040 _beng
040 _cCRL
041 _2eng
041 _aeng
084 _qCRL
100 _aAndrás Mócsy
_91225184
245 0 _aPannonia and Upper Moesia (Routledge Revivals)
245 2 _bA History of the Middle Danube Provinces of the Roman Empire
260 _bTaylor and Francis
260 _c1974
365 _a
365 _b300
856 _uhttp://www.taylorfrancis.com/books/9781315797670
942 _cEBOOK
999 _c1834023
_d1834023